[Event "TCh-CZE 2001-2"]
[Site "CZE"]
[Date "2001.10.20"]
[Round "1"]
[White "Walek,M"]
[Black "Novotny,Ji"]
[Result "1-0"]
[WhiteElo "2296"]
[BlackElo "2297"]

1.e4 c5 2.Nf3 Nc6 3.Nc3 Nf6 4.d4 cxd4 5.Nxd4 e5 6.Ndb5 d6 7.Bg5 a6 8.Na3 b5
9.Bxf6 gxf6 10.Nd5 Bg7 11.c3 Ne7 12.Nxe7 Qxe7 13.Nc2 Bb7 14.Bd3 f5 15.exf5 O-O
16.Qh5 e4 17.Be2 Rac8 18.O-O Kh8 19.f4 d5 20.a3 a5 21.Kh1 b4 22.axb4 axb4
23.Nxb4 d4 24.Ra7 Rc7 25.Ba6 dxc3 26.bxc3 Bxc3 27.Rxb7 Bxb4 28.f6 Qd6 29.Qh6 Rg8
30.Rb8  1-0

[Event "TCh-FIN 2001-02"]
[Site "FIN"]
[Date "2001.10.20"]
[Round "2"]
[White "Hamalainen,S"]
[Black "Hokkanen,P"]
[Result "0-1"]
[WhiteElo "2152"]
[BlackElo "2240"]

1.e4 c5 2.Nf3 Nc6 3.Nc3 g6 4.d4 cxd4 5.Nxd4 Bg7 6.Be3 Nf6 7.Bc4 O-O 8.f3 Qb6
9.Bb3 Ng4 10.fxg4 Bxd4 11.Bxd4 Nxd4 12.Nd5 Qa5+ 13.c3 Nc6 14.Qd2 d6 15.O-O Be6
16.Kh1 Bxd5 17.Bxd5 Qc7 18.Qh6 Ne5 19.Rf4 e6 20.Bb3 Qe7 21.g5 f6 22.Raf1 Nd7
23.gxf6 Rxf6 24.Rxf6 Nxf6 25.Qg5 Rf8 26.h4 Rf7 27.e5 dxe5 28.Qxe5 Ng4 29.Qb8+ Kg7
30.Rxf7+ Qxf7 31.Qxa7 Qf1+ 32.Qg1 Qe2 33.Qd4+ e5 34.Qg1 e4 35.g3 e3 36.Be6 Ne5
37.Bd5 Qd2 38.Bxb7 e2  0-1

[Event "Sportland NRW Cup"]
[Site "Senden GER"]
[Date "2001.10.20"]
[Round "8"]
[White "Paehtz,E"]
[Black "Streich,G"]
[Result "1/2-1/2"]
[WhiteElo "2392"]
[BlackElo "2192"]

1.e4 c5 2.Nc3 Nc6 3.Nge2 d6 4.d4 cxd4 5.Nxd4 e5 6.Nb3 Nf6 7.f3 Be6 8.Nd5 Be7
9.Be3 O-O 10.c4 b6 11.Qd2 Ne8 12.Be2 Kh8 13.O-O f5 14.exf5 Bxf5 15.Rad1 Bf6
16.Bd3 Bxd3 17.Qxd3 Bg5 18.Bf2 Rb8 19.Nd2 Bxd2 20.Rxd2 Qc8 21.b3 Qe6 22.Re1 Rb7
23.Re4 Qg6 24.Qe2 Nf6 25.Nxf6 Rxf6 26.Bh4 Re6 27.f4 Rf7 28.fxe5 dxe5 29.Rd1 h6
30.Bg3 Rd6 31.Re1 Nd4 32.Qb2 Re6 33.Qd2 Nc6 34.Qe2 Rfe7 35.Rg4 Qe8 36.Qe4 Qd7
37.Bf2 Rf7 38.Be3 Ref6 39.h3 Rd6 40.Kh2 Rf5 41.c5 bxc5 42.Bxc5 Rd5 43.b4 a5
44.a3 axb4 45.axb4 Nd4 46.Ra1 Nb5 47.Ra8+ Kh7 48.Rd8 Qxd8 49.Qxf5+ Kh8 50.Qg6 Rd7
51.Qe6 Rd5 52.Bf8 Rd7 53.Bc5 Rd5 54.Be7 Qg8 55.Qg6 Rd4 56.Rg3 Rf4 57.Rd3 Nd4
58.b5 Qf7 59.Qxf7 Rxf7 60.Bd6 Nxb5 61.Bxe5 Kh7 62.Rb3 Rb7 63.g4 Nd6 64.Rxb7 Nxb7
65.Kg3 g5 66.Kf3 Kg6 67.Ke4 Nc5+  1/2-1/2

[Event "Sportland NRW Cup"]
[Site "Senden GER"]
[Date "2001.10.20"]
[Round "8"]
[White "Wolter,K"]
[Black "Scholz,C"]
[Result "0-1"]
[WhiteElo "2295"]
[BlackElo "2433"]

1.e4 c5 2.Nc3 Nc6 3.Bb5 Nd4 4.Bc4 g6 5.Nf3 Bg7 6.Nxd4 Bxd4 7.d3 d6 8.O-O e6
9.Qe1 Ne7 10.Bh6 a6 11.a4 Nc6 12.Kh1 Ne5 13.Bg7 Nxd3 14.Bxd4 Nxe1 15.Bxh8 Nxc2
16.Rad1 Ke7 17.Be5 dxe5 18.Rxd8 Kxd8 19.h4 b6 20.Kh2 Bb7 21.Rd1+ Ke7 22.Rd2 Nd4
23.Kg3 Rd8 24.Rd1 b5 25.axb5 axb5 26.Bxb5 Nxb5 27.Rxd8 Nxc3 28.Rb8 Nxe4+
29.Kh2 Bd5 30.f3 Nf6 31.Rc8 c4  0-1

[Event "27th Open"]
[Site "Guernsey GCI"]
[Date "2001.10.21"]
[Round "1"]
[White "Corkett,A"]
[Black "Hughes,A"]
[Result "1-0"]
[WhiteElo "2300"]
[BlackElo "2046"]

1.Nc3 c5 2.e4 Nc6 3.Bb5 g6 4.Nf3 Bg7 5.O-O a6 6.Bxc6 bxc6 7.Re1 d5 8.h3 Rb8
9.d3 d4 10.Na4 Qa5 11.b3 Be6 12.Qd2 Qb5 13.Ba3 c4 14.dxc4 Qh5 15.Qg5 Qxg5
16.Nxg5 d3 17.Bb2 Bxb2 18.Nxb2 dxc2 19.Nxe6 fxe6 20.Rac1 Rd8 21.Rxc2 e5 22.Rd1 Rxd1+
23.Nxd1 Nf6 24.f3 Kf7 25.Rd2 Ke6 26.Nc3 Rb8 27.Na4 Nd7 28.Kf2 Rb7 29.Rxd7 Rxd7
30.Nc5+ Kd6 31.Nxd7 Kxd7 32.b4 Kd6 33.Ke3 h6 34.c5+ Ke6 35.h4 Kf6 36.a4 e6
37.Kd3 Ke7 38.Kc4 Kd7 39.g3 g5 40.hxg5 hxg5 41.b5  1-0

[Event "TCh-SLO"]
[Site "Bled SLO"]
[Date "2001.10.22"]
[Round "5"]
[White "Riegler,P"]
[Black "Licina,A"]
[Result "0-1"]
[WhiteElo "2297"]
[BlackElo "2195"]

1.e4 c5 2.Nf3 Nc6 3.Nc3 Nf6 4.d4 cxd4 5.Nxd4 d6 6.f3 e5 7.Nb3 Be6 8.Nd5 Bxd5
9.exd5 Nb8 10.Be3 Be7 11.Be2 O-O 12.Qd2 Nfd7 13.O-O b6 14.f4 exf4 15.Bxf4 Ne5
16.Nd4 Bf6 17.Rad1 Ng6 18.Be3 Be5 19.b3 Qh4 20.Nf3 Qe7 21.Rde1 Qc7 22.c4 Nd7
23.Bd3 Bf6 24.Kh1 Nde5 25.Bb1 Rfe8 26.Nd4 Nf8 27.Rxf6 gxf6 28.Nf5 Ng4 29.Bd4 Ng6
30.Rxe8+ Rxe8 31.h3 Ne7 32.hxg4 Nxf5 33.Bxf5 Qe7 34.Qh6 Qe1+ 35.Kh2  0-1

[Event "WYB18"]
[Site "Oropesa del Mar ESP"]
[Date "2001.10.22"]
[Round "2"]
[White "Perez Candelario,M"]
[Black "Jobava,Ba"]
[Result "1/2-1/2"]
[WhiteElo "2393"]
[BlackElo "2556"]

1.e4 c5 2.Nc3 Nc6 3.Nge2 Nf6 4.d4 cxd4 5.Nxd4 d6 6.Be2 e5 7.Nf3 Be7 8.Bg5 O-O
9.O-O Be6 10.Bxf6 Bxf6 11.Nd5 Bg5 12.c3 Bh6 13.a4 Kh8 14.Bc4 Qd7 15.Nd2 f5
16.exf5 Bxf5 17.Qe2 Rad8 18.Ne4 Na5 19.f3 Qc6 20.Ba2 Qd7 21.b4 Nc6 22.a5 a6
23.Rad1 Na7 24.Rd3 Qe8 25.Rfd1 Nb5 26.Bc4 Na3 27.Nb6 Bxe4 28.fxe4 Qe7 29.Qh5 Nxc4
30.Nxc4 Qc7 31.Nb6 Rf7 32.Rf3 Rdf8 33.Rdf1 Be3+ 34.Kh1 g6 35.Rxf7 Rxf7 36.Rxf7 Qxf7
37.Qf3 Qxf3 38.gxf3 Kg7 39.Kg2 Bd2 40.Nd5 h5 41.Kf2  1/2-1/2

[Event "WYB16"]
[Site "Oropesa del Mar ESP"]
[Date "2001.10.22"]
[Round "2"]
[White "Heberla,B"]
[Black "Alcazar Jimenez,V"]
[Result "0-1"]
[WhiteElo "2390"]
[BlackElo "2237"]

1.e4 c5 2.Nc3 Nc6 3.Bb5 g6 4.Bxc6 bxc6 5.d3 Bg7 6.f4 d6 7.Nf3 Nh6 8.O-O O-O
9.Kh1 f6 10.Be3 Rb8 11.Rb1 Nf7 12.Qd2 e5 13.Ne2 Qe7 14.Ng3 Rd8 15.Qf2 a5
16.a4 Be6 17.b3 Ra8 18.f5 Bc8 19.Rbe1 Rf8 20.h4 Bh6 21.Nh2 Bxe3 22.Qxe3 g5
23.Ng4 Kh8 24.Nh5 Nd8 25.Rf3 Bd7 26.Rh3 Be8 27.Nhxf6 Rxf6 28.Nxf6 Qxf6 29.hxg5 Qf8
30.g6 Ra7 31.Qg5 Rd7 32.f6 Ne6 33.Qf5 Nf4 34.f7 Rxf7 35.Rxh7+ Rxh7+ 36.gxh7 Qg7
37.g4 Bd7  0-1

[Event "WYB16"]
[Site "Oropesa del Mar ESP"]
[Date "2001.10.24"]
[Round "4"]
[White "Buckley,Si"]
[Black "Shanava,K"]
[Result "1/2-1/2"]
[WhiteElo "2236"]
[BlackElo "2332"]

1.e4 c5 2.Nc3 Nc6 3.Bb5 g6 4.Bxc6 dxc6 5.d3 Bg7 6.Be3 b6 7.Qd2 Be6 8.Nge2 h5
9.O-O Nf6 10.h3 Qc8 11.Kh2 h4 12.Bg5 Nh5 13.d4 cxd4 14.Nxd4 Bc4 15.Nde2 Qc7+
16.Kg1 Rd8 17.Qe3 f6 18.Bxh4 Bh6 19.Qf3 Bd2 20.Rfd1 g5 21.Bg3 e5 22.Bh2 Ke7
23.Ng3 Nxg3 24.Bxg3 b5 25.Ne2 Bb4 26.c3 Bc5 27.Nd4 a5 28.Nf5+ Kf7 29.Rxd8 Qxd8
30.Rd1 Qc7 31.h4 Kg6 32.Qg4 Be6 33.Rd3 Qh7 34.Rf3 Qh5 35.Ne7+ Kf7 36.Qxh5+ Rxh5
37.Nxc6 gxh4 38.Bxe5 Bd7 39.Rxf6+ Ke8 40.Bd4 a4 41.Bxc5 Rxc5 42.Nb4 a3 43.bxa3 Rxc3
44.Ra6 h3 45.gxh3 Bxh3 46.Nd5 Rc2 47.Rh6 Rc1+ 48.Kh2 Bf1 49.e5 Bc4 50.Ne3 Bxa2
51.Rb6 Rb1 52.Kg3 Kd8 53.f4 Kc7 54.Ra6 Kb7 55.Ra5 Kb6 56.Ra8 Kb7 57.Ra5 Kb6  1/2-1/2

[Event "WYG18"]
[Site "Oropesa del Mar ESP"]
[Date "2001.10.24"]
[Round "4"]
[White "Anhchimeg,B"]
[Black "Goletto,C"]
[Result "1-0"]
[WhiteElo "2194"]
[BlackElo "2085"]

1.e4 c5 2.Nc3 Nc6 3.Bb5 e6 4.Bxc6 bxc6 5.d3 d6 6.e5 d5 7.Nf3 f6 8.Qe2 Be7
9.Bf4 Qb6 10.b3 fxe5 11.Nxe5 Nf6 12.O-O O-O 13.Na4 Qb7 14.Be3 d4 15.Bg5 Bd6
16.c4 Qc7 17.Rae1 Nd7 18.Nf3 e5 19.Nd2 Rf5 20.Ne4 Bb7 21.Bc1 Be7 22.Ba3 Qa5
23.Qg4 Raf8 24.Ng3 Rxf2 25.Qe6+ Kh8 26.Qxe7 Qd2 27.Qh4 Rxg2+ 28.Kh1 g5 29.Qh3 Rgf2
30.Rxf2 Rxf2 31.Rf1 Bc8 32.Rxf2 Qxf2 33.Qg2 Qf6 34.Ne4 Qf4 35.Nxg5 Nb6 36.Nxc5 h6
37.Nge4 Bg4 38.Nd2 Nc8 39.Nce4 h5 40.Qf2 Qe3 41.Qf6+ Kg8 42.Qf1 Bh3 43.Qg1+ Bg4
44.Nf6+ Kf7 45.Nxg4 hxg4 46.Qxe3 dxe3 47.Ne4  1-0

[Event "WYB18"]
[Site "Oropesa del Mar ESP"]
[Date "2001.10.24"]
[Round "4"]
[White "Gharamian,T"]
[Black "Mista,A"]
[Result "1-0"]
[WhiteElo "2215"]
[BlackElo "2433"]

1.e4 c5 2.Nc3 Nc6 3.Bb5 Nd4 4.Bc4 g6 5.Nf3 Bg7 6.Nxd4 cxd4 7.Qf3 Nh6 8.Ne2 O-O
9.d3 Ng4 10.Bb3 Ne5 11.Qg3 Nc6 12.a3 e6 13.O-O a5 14.a4 Qb6 15.h4 d5 16.exd5 Nb4
17.Bf4 Nxd5 18.Be5 Rd8 19.Bxg7 Kxg7 20.Qe5+ Nf6 21.Ng3 Qd6 22.Nh5+ gxh5 23.Qg5+ Kf8
24.Qxf6 b6 25.Rae1 Ke8 26.Re5 Qe7 27.Qf4 Qd6 28.Rfe1 Ra7 29.Qg5 Re7 30.f4 Kd7
31.f5 Kc7 32.R1e2 Kb8 33.fxe6 fxe6 34.Rd5 Qc7 35.Rxd8 Qxd8 36.Bd5 Qd6 37.Bf3 Rc7
38.Qxh5 Rc5 39.Qxh7 Qf4 40.Qe4 Qc1+ 41.Kh2 Qxb2 42.c4 Qb4 43.Qxd4 Qxa4 44.Qd6+ Ka7
45.Rb2  1-0

[Event "WYB18"]
[Site "Oropesa del Mar ESP"]
[Date "2001.10.25"]
[Round "5"]
[White "Perez Candelario,M"]
[Black "San Emeterio Cabanes,J"]
[Result "1-0"]
[WhiteElo "2393"]
[BlackElo "2275"]

1.e4 c5 2.Nc3 Nc6 3.Nf3 e5 4.Bc4 Be7 5.d3 d6 6.Nd2 Nf6 7.Nf1 Bg4 8.f3 Be6
9.Ne3 Nd7 10.Ned5 Nb6 11.O-O O-O 12.a3 Nxc4 13.dxc4 f5 14.exf5 Bxf5 15.Ne3 Be6
16.Ne4 a6 17.Nd5 Nd4 18.c3 Bxd5 19.cxd5 Nf5 20.b4 c4 21.a4 b5 22.Qe2 Qe8
23.Kh1 Qf7 24.Rd1 Qg6 25.Be3 h6 26.axb5 axb5 27.Ra5 Rab8 28.Ra7 Ra8 29.Rda1 Rxa7
30.Rxa7 Bg5 31.Bxg5 hxg5 32.h3 Nh4 33.Qe3 Rf4 34.Rd7 Nxf3 35.gxf3 Qh6 36.Rd8+ Kh7
37.Kg1 g4 38.Rxd6 Qh4 39.hxg4 Kh8 40.Kg2 Qe7 41.Re6 Qd7  1-0

[Event "World Seniors"]
[Site "Arco ITA"]
[Date "2001.10.26"]
[Round "9"]
[White "Chernikov,O"]
[Black "Rosen,W"]
[Result "1-0"]
[WhiteElo "2464"]
[BlackElo "2315"]

1.e4 c5 2.Nc3 Nc6 3.Bb5 g6 4.Bxc6 dxc6 5.d3 Bg7 6.Be3 b6 7.Qd2 Nf6 8.Bh6 Bxh6
9.Qxh6 e5 10.h3 Qe7 11.f4 exf4 12.Qxf4 Nh5 13.Qf2 f5 14.Nf3 fxe4 15.dxe4 O-O
16.O-O-O b5 17.Rhe1 Be6 18.e5 c4 19.Rd6 b4 20.Ne4 b3 21.axb3 cxb3 22.Qc5 Nf4
23.Nf6+ Kh8 24.g3 Nxh3 25.Rd7 Qxd7 26.Nxd7 Bxd7 27.e6  1-0

[Event "Chigorin Mem Open"]
[Site "St Petersburg RUS"]
[Date "2001.10.26"]
[Round "1"]
[White "Timagin,P"]
[Black "Sivokho,S"]
[Result "1/2-1/2"]
[WhiteElo "2297"]
[BlackElo "2504"]

1.e4 c5 2.Nc3 Nc6 3.Bb5 Nf6 4.Nge2 e5 5.O-O a6 6.Bxc6 dxc6 7.d3 Bd6 8.Ng3 O-O
9.Nf5 Bc7 10.Bg5 h6 11.Bh4 Kh7 12.Qf3 g5 13.Bg3 Kg6 14.Nd1 Nh5 15.Nde3 Nf4
16.Rad1 Rg8 17.c3 h5 18.h3 Be6 19.d4 cxd4 20.cxd4 Qf6 21.Rd2 Rad8 22.Rfd1 exd4
23.Rxd4 Be5 24.Rxd8 Rxd8 25.Rxd8 Qxd8 26.Nh4+ gxh4 27.Bxf4 Bxb2 28.Nf5 Qf6
29.g4 hxg3 30.Nxg3 Qh8 31.e5 h4 32.Qe4+ Kg7 33.Nf5+ Bxf5 34.Qxf5 Kf8 35.Qf6 Qh7
36.Qd8+ Kg7  1/2-1/2

[Event "WYG16"]
[Site "Oropesa del Mar ESP"]
[Date "2001.10.28"]
[Round "7"]
[White "Kadziolka,B"]
[Black "Paridar,S"]
[Result "1-0"]
[WhiteElo "2193"]
[BlackElo "2071"]

1.e4 c5 2.Nc3 Nc6 3.Bb5 Nd4 4.Bc4 e6 5.Nf3 Nxf3+ 6.Qxf3 Ne7 7.O-O Nc6 8.Qg3 Nd4
9.f4 Nxc2 10.Rb1 a6 11.a4 Qc7 12.d3 Qb8 13.e5 Nd4 14.Kh1 Be7 15.Bd2 Kf8 16.f5 Nxf5
17.Rxf5 exf5 18.Nd5  1-0

[Event "WYB18"]
[Site "Oropesa del Mar ESP"]
[Date "2001.10.30"]
[Round "9"]
[White "Perez Candelario,M"]
[Black "Gagunashvili,M"]
[Result "0-1"]
[WhiteElo "2393"]
[BlackElo "2480"]

1.e4 c5 2.Nc3 Nc6 3.Bb5 Nd4 4.Bc4 g6 5.Nge2 Bg7 6.O-O a6 7.a4 e6 8.Nxd4 cxd4
9.Ne2 Ne7 10.d3 O-O 11.Bg5 h6 12.Bh4 g5 13.Bg3 d5 14.Bb3 f5 15.f3 Kh8 16.Bf2 e5
17.Ng3 Kh7 18.c3 f4 19.Ne2 dxc3 20.bxc3 g4 21.Kh1 gxf3 22.gxf3 Bh3 23.Rg1 Rc8
24.d4 dxe4 25.Bc2 Bf5 26.fxe4 Bh3 27.Qd3 f3 28.Rg3 Bg2+ 29.Kg1 Ng6 30.Be3 Bf6
31.Nf4 Nxf4 32.Bxf4 Qc7 33.Rb1 Rf7 34.dxe5 Bxe5 35.Bxe5 Qxe5 36.Qd5 Qf4 37.Kf2 Rxc3
38.Qd8 Rf8 39.Bd3 Rxd8  0-1

[Event "Chigorin Mem Open"]
[Site "St Petersburg RUS"]
[Date "2001.10.30"]
[Round "5"]
[White "Voitsekhovsky,S"]
[Black "Shchukin,D"]
[Result "1/2-1/2"]
[WhiteElo "2488"]
[BlackElo "2359"]

1.e4 c5 2.Nc3 Nc6 3.Bb5 g6 4.Bxc6 dxc6 5.d3 e5 6.f4 Qh4+ 7.g3 Qe7 8.Nf3 exf4
9.Bxf4 Bg7 10.Qd2 Nf6 11.Bh6 Bxh6 12.Qxh6 Ng4 13.Qg7 Qf6 14.Qxf6 Nxf6 15.O-O Bh3
16.Rfe1 Bg4 17.Nd2 Be6 18.e5 Nd5 19.Nde4 Nxc3 20.bxc3 b6 21.c4 Ke7 22.a4 Bf5
23.Nd6 Bd7 24.Ne4 Bf5 25.Nc3 h5 26.a5 h4 27.gxh4 Rab8 28.axb6 axb6 29.Ne4 Bxe4
30.Rxe4 Rh5 31.e6 fxe6 32.Rae1 e5 33.Rxe5+ Rxe5 34.Rxe5+ Kf6 35.Re2 b5 36.cxb5 cxb5
37.Rf2+ Ke5 38.Rg2 Rb6 39.Rg4 b4 40.Kf2 b3 41.cxb3 Rxb3 42.Ke3 Rb4 43.Rg5+ Kf6
44.Rxc5 Rxh4 45.Rc2 Ke5 46.Rg2 Rh3+ 47.Kd2 Kd4 48.Kc2 Rh4 49.h3 Rxh3 50.Rg4+ Kd5
51.Rxg6 Rh1  1/2-1/2

[Event "Chigorin Mem Open"]
[Site "St Petersburg RUS"]
[Date "2001.10.31"]
[Round "6"]
[White "Khavsky,S"]
[Black "Kovalevskaya,E"]
[Result "1/2-1/2"]
[WhiteElo "2325"]
[BlackElo "2486"]

1.e4 c5 2.Nf3 Nc6 3.Nc3 d6 4.d4 cxd4 5.Nxd4 Nf6 6.Bg5 a6 7.Qd2 Nxd4 8.Qxd4 Qa5
9.f4 e5 10.Qd2 Be7 11.O-O-O exf4 12.Bxf4 O-O 13.Bc4 Be6 14.Nd5 Qxd2+ 15.Rxd2 Bxd5
16.Bxd5 Nxd5 17.Rxd5 Rfe8 18.Re1  1/2-1/2

[Event "Chigorin Mem Open"]
[Site "St Petersburg RUS"]
[Date "2001.10.31"]
[Round "6"]
[White "Bryzgalin,K"]
[Black "Eljanov,P"]
[Result "0-1"]
[WhiteElo "2376"]
[BlackElo "2522"]

1.e4 c5 2.Nf3 Nc6 3.Nc3 Nf6 4.d4 cxd4 5.Nxd4 e5 6.Ndb5 d6 7.Bg5 a6 8.Na3 b5
9.Nd5 Be7 10.Bxf6 Bxf6 11.c3 O-O 12.Nc2 Rb8 13.Be2 Bg5 14.O-O a5 15.a3 Be6
16.b4 Qd7 17.a4 bxa4 18.b5 Ne7 19.c4 Bxd5 20.cxd5 f5 21.Rxa4 fxe4 22.Rxe4 Nf5
23.Rc4 Bd8 24.Rc6 Bb6 25.Bg4 Qe7 26.Bxf5 Rxf5 27.Ne3 Rf7 28.Qc2 Bc5 29.Nc4 Rbf8
30.Rxc5 dxc5 31.Nxa5 e4 32.Nc4 Rf5 33.Ne3 R5f6 34.Qc4 Kh8 35.h3 h6 36.Qc3 Kh7
37.Qc4 g6 38.Qc3 Rb6 39.Rb1 Rfb8 40.Qc4 Qd7 41.Qxc5 Rxb5 42.Rxb5 Rxb5 43.Qf8 Rb1+
44.Kh2 Rb6 45.Nc4 Rb7 46.Qc5 Rb5 47.Ne5 Rxc5 48.Nxd7 Rc4 49.Kg3 g5 50.h4 Rc3+
51.Kh2 Kg6 52.Nf8+ Kf5 53.hxg5 Kxg5 54.Ne6+ Kf5 55.Ng7+ Kg4 56.Ne8 h5 57.Nd6 Kf4
58.Nf7 Rd3 59.d6 Rd1  0-1

[Event "TCh-AUT 2001-2"]
[Site "Moerbisch AUT"]
[Date "2001.11.01"]
[Round "2"]
[White "Polzin,R"]
[Black "Popovic,P"]
[Result "1-0"]
[WhiteElo "2469"]
[BlackElo "2532"]

1.e4 c5 2.Nc3 Nc6 3.Nge2 d6 4.d4 cxd4 5.Nxd4 Nf6 6.Bc4 Qb6 7.Be3 Qxb2 8.Ndb5 Qb4
9.Qe2 Bg4 10.f3 Nxe4 11.Bd4 Nxd4 12.Qxe4 Nxc2+ 13.Kd2 Rc8 14.Rab1 Qc5 15.fxg4 g6
16.Rhf1 Bh6+ 17.Kxc2 O-O 18.Bxf7+ Rxf7 19.Qe6 Qc4 20.Qxf7+ Qxf7 21.Rxf7 Kxf7
22.Nxa7 Rc7 23.Kd3 Bg7 24.Nab5 Rc5 25.Nd4 Rc7 26.Ncb5 Rc5 27.Nxd6+ exd6 28.Rxb7+  1-0

[Event "TCh-AUT 2001-2"]
[Site "Moerbisch AUT"]
[Date "2001.11.02"]
[Round "3"]
[White "Mueller,Ka"]
[Black "Bischoff,K"]
[Result "1/2-1/2"]
[WhiteElo "2506"]
[BlackElo "2541"]

1.e4 c5 2.Nf3 Nc6 3.Nc3 e6 4.Bb5 Na5 5.d4 cxd4 6.Qxd4 a6 7.b4 axb5 8.bxa5 Ne7
9.O-O Nc6 10.Qd3 b4 11.Nb5 f6 12.a4 Be7 13.Bf4 e5 14.Be3 Nxa5 15.Nd2 O-O
16.Nc4 d5 17.exd5 Bf5 18.Qxf5 Nxc4 19.Qe6+ Rf7 20.d6 Nxd6 21.Rad1 Ra6 22.Bc5 Qc8
23.Qd5 Nxb5 24.Bxe7 Nd4 25.Bxb4 Rxa4  1/2-1/2

[Event "VI It"]
[Site "Montecatini Terme ITA"]
[Date "2001.11.05"]
[Round "3"]
[White "Drei,A"]
[Black "Ivanov,J"]
[Result "0-1"]
[WhiteElo "2250"]
[BlackElo "2446"]

1.e4 c5 2.Nc3 Nc6 3.Bb5 Nd4 4.Ba4 g6 5.Nf3 Bg7 6.O-O a6 7.d3 b5 8.Bb3 Nxb3
9.axb3 Bb7 10.Be3 d6 11.d4 b4 12.Na4 cxd4 13.Bxd4 e5 14.Bb6 Qb8 15.Nd2 Nf6
16.Nc4 O-O 17.Nxd6 Bc6 18.Nc4 Nxe4 19.Qe1 Qc8 20.f3 Nf6 21.Bc5 e4 22.Nab6 Qf5
23.Bxf8 Rxf8 24.fxe4 Qh5 25.Nd5 Nxd5 26.exd5 Qxd5 27.Qg3 Bb5 28.Rad1 Qc5+
29.Qf2 Qc7 30.Qf4 Qc5+ 31.Qf2 Qc7 32.Qf4 Qc5+ 33.Kh1 a5 34.Rf3 a4 35.Qd6 Qxd6
36.Nxd6 Be2 37.Rdd3 a3 38.bxa3 bxa3 39.b4 Bxd3  0-1

[Event "EuTChw"]
[Site "Leon ESP"]
[Date "2001.11.06"]
[Round "1"]
[White "Hagarova,Z"]
[Black "Milligan,H"]
[Result "1-0"]
[WhiteElo "2335"]
[BlackElo "2117"]

1.e4 c5 2.Nf3 Nc6 3.Nc3 d6 4.d4 cxd4 5.Nxd4 Nf6 6.Bg5 e5 7.Nf5 Bxf5 8.exf5 Nd4
9.Bxf6 gxf6 10.Bc4 Qc7 11.Bd5 Rc8 12.O-O Bg7 13.Be4 O-O 14.Qh5 Qd7 15.Rad1 Kh8
16.Rd3 Rc5 17.Rh3 h6 18.Nd5 Qd8 19.Ne3 d5 20.Bd3 Rg8 21.c3 Nc6 22.Qxf7 e4
23.Be2 Qe7 24.Qh5 Ne5 25.Rg3 Qe8 26.Qxe8 Rxe8 27.Nc2 Nc4 28.Bxc4 Rxc4 29.Rd1 Rc5
30.Nd4 Ra5 31.a3 Re7 32.Rg6 Kh7 33.Rg3 Rf7 34.f3 Bf8 35.Rg4 exf3 36.Nxf3 Bc5+
37.Nd4 Re7 38.Kf1 Bxd4 39.Rgxd4 Re5 40.Rf4 Rb5 41.b4 Rb6 42.a4 Rc6 43.Rd3 Rc7
44.g4 Rce7 45.Kg2 Re2+ 46.Rf2 R2e4 47.Kg3 R7e5 48.Rfd2 h5 49.h3 Kh6 50.Rxd5 Re3+
51.Kh4 R5e4 52.Rd6 hxg4 53.Rxf6+ Kg7 54.Rg6+ Kf7 55.hxg4  1-0

[Event "VI It"]
[Site "Montecatini Terme ITA"]
[Date "2001.11.06"]
[Round "5"]
[White "Sciortino,Mas"]
[Black "Ivanov,J"]
[Result "0-1"]
[WhiteElo "2201"]
[BlackElo "2446"]

1.e4 c5 2.Nc3 Nc6 3.Bb5 g6 4.Bxc6 dxc6 5.f4 e5 6.Nf3 exf4 7.O-O g5 8.Kh1 h6
9.d3 Ne7 10.e5 Bf5 11.g3 fxg3 12.e6 Bxe6 13.Ne4 Nf5 14.Ne5 Bg7 15.Ng4 g2+
16.Kxg2 Nh4+ 17.Kg1 f5 18.Ne3 fxe4 19.Qh5+ Kd7 20.dxe4 Kc7  0-1

[Event "VII Sreiber Mem"]
[Site "Subotica YUG"]
[Date "2001.11.06"]
[Round "2"]
[White "Andonov,B"]
[Black "Benkovic,P"]
[Result "0-1"]
[WhiteElo "2412"]
[BlackElo "2413"]

1.e4 c5 2.Nc3 Nc6 3.Nge2 e6 4.h3 a6 5.g3 b5 6.Bg2 Bb7 7.O-O Rc8 8.d3 d6 9.Be3 Nf6
10.Qd2 Be7 11.g4 O-O 12.g5 Nd7 13.f4 Nb6 14.Ng3 b4 15.Nce2 d5 16.e5 Ba8 17.h4 Kh8
18.Nh5 Na4 19.b3 Nc3 20.Neg3 a5 21.Qf2 Qb6 22.Bh3 Qb7 23.Kh2 c4 24.Nxg7 Kxg7
25.f5 Kh8 26.Qf3 Qc7 27.d4 Nxe5 28.dxe5 d4 29.Qh5 dxe3 30.g6 fxg6 31.fxg6 Bc5
32.Bxe6 Qb7 33.Ne4 Nxe4 34.Bxc8 Rxc8 35.Rf7 Nf6 36.Qg5 Be7 37.exf6 Bd6+ 38.Qg3 Qg2+  0-1

[Event "EuTCh"]
[Site "Leon ESP"]
[Date "2001.11.07"]
[Round "2"]
[White "Kolev,At"]
[Black "Degraeve,JM"]
[Result "1/2-1/2"]
[WhiteElo "2571"]
[BlackElo "2588"]

1.e4 c5 2.Nf3 Nc6 3.Nc3 e5 4.Bc4 d6 5.d3 Be7 6.Nd2 Bg5 7.h4 Bxd2+ 8.Bxd2 Nf6
9.a3 Be6 10.Bg5 h6 11.Bxf6 Qxf6 12.Nd5 Qd8 13.Ne3 O-O 14.c3 Rb8 15.g3 Qd7
16.a4 Ne7 17.Qb3 Bxc4 18.Qxc4 Kh8  1/2-1/2

[Event "EuTChw"]
[Site "Leon ESP"]
[Date "2001.11.08"]
[Round "3"]
[White "Voronova,T"]
[Black "Lagvilava,G"]
[Result "1/2-1/2"]
[WhiteElo "2287"]
[BlackElo "2326"]

1.e4 c5 2.Nf3 Nc6 3.Nc3 e5 4.Bb5 d6 5.h3 Nf6 6.Bxc6+ bxc6 7.d3 Be7 8.O-O O-O
9.Qe2 Ne8 10.Nh2 Bg5 11.Bxg5 Qxg5 12.Qe3 Qe7 13.f4  1/2-1/2

[Event "EuTCh"]
[Site "Leon ESP"]
[Date "2001.11.10"]
[Round "5"]
[White "Conquest,S"]
[Black "San Segundo Carrillo,P"]
[Result "1-0"]
[WhiteElo "2601"]
[BlackElo "2528"]

1.e4 c5 2.Nc3 Nc6 3.Bb5 Nd4 4.Bc4 g6 5.Nf3 Bg7 6.Nxd4 cxd4 7.Qf3 Nh6 8.Ne2 O-O
9.c3 dxc3 10.bxc3 d6 11.d4 Qa5 12.O-O Ng4 13.Bd2 Nf6 14.Rab1 Qc7 15.Bb3 b6
16.Rfe1 Bb7 17.Nf4 e5 18.dxe5 dxe5 19.Nd5 Bxd5 20.exd5 Qd6 21.c4 Rac8 22.a4 a5
23.Ba2 Nd7 24.Bc1 f5 25.Ba3 Nc5 26.Rb5 e4 27.Qb3 Rf6 28.Qh3 g5 29.Reb1 Rh6
30.Qg3 Qxg3 31.hxg3 Nxa4 32.Be7 Bf8 33.Bxg5 Rg6 34.Bd2 Bd6 35.Bb3 Nc5 36.Rxb6 a4
37.Ba2 Nd3 38.Rc6 Rxc6 39.dxc6 Bc7 40.c5+ Kf8 41.Bd5 Ke8 42.Rb7 Kd8 43.g4 Nxc5
44.Rb5 Nb3 45.gxf5 Rg4 46.Be3 Ke7 47.f6+  1-0

[Event "EuTChw"]
[Site "Leon ESP"]
[Date "2001.11.10"]
[Round "5"]
[White "Hagarova,Z"]
[Black "Lagvilava,G"]
[Result "0-1"]
[WhiteElo "2335"]
[BlackElo "2326"]

1.e4 c5 2.Nf3 Nc6 3.Nc3 e5 4.Bc4 Be7 5.d3 Nf6 6.Nd2 d6 7.Nf1 Bg4 8.f3 Be6
9.Ne3 O-O 10.O-O Ne8 11.Ncd5 Nc7 12.a4 Bg5 13.Nxc7 Bxe3+ 14.Bxe3 Qxc7 15.Bxe6 fxe6
16.Qd2 Rac8 17.f4 exf4 18.Bxf4 Nd4 19.b3 h6 20.Be3 e5 21.Rxf8+ Rxf8 22.Rf1 Rxf1+
23.Kxf1 Nc6 24.Qf2 Nb4 25.Ke1 a6 26.Kd1 Qd7 27.Qg3 Qf7 28.Qf2 Qh5+ 29.Kc1 Qxh2
30.Qf3 Qh4 31.Kb2 Qe7 32.Qg4 Kh7 33.Qf5+ g6 34.Qh3 g5 35.Qf5+ Kg7 36.Qc8 Nc6
37.Qf5 Nd8 38.Qg4 Ne6 39.Qh5 b5 40.axb5 axb5 41.Qd1 Qf7 42.Qa1 Qb7 43.Qa5 b4
44.Qa1 Nc7 45.Qf1 Nb5 46.Qf5 Qa7 47.Bd2 Nd4 48.Qg4 Qe7 49.Be3 Qe6 50.Qd1 Nb5
51.Qh5 Nc7 52.Qd1 Ne8 53.Qa1 Nf6 54.Qa7+ Qd7 55.Qb8 Kg6 56.Qf8 Ne8 57.Qg8+ Ng7
58.Qf8 Qe6 59.Qd8 Qf6 60.Qd7 h5 61.Bd2 h4 62.Be3 Nh5 63.Qg4 Nf4 64.Bxf4 exf4+
65.Kb1 Qe5 66.Kc1 d5 67.Qc8 dxe4 68.Qg8+ Kh5 69.Qh7+ Kg4 70.dxe4 Kg3 71.Qh5 Qa1+
72.Kd2 Qd4+ 73.Kc1 g4 74.Qf5 f3 75.gxf3 Qe3+ 76.Kb1 gxf3 77.Qe5+ Kg2 78.Qg7+ Kh1
79.Qg4 Qg1+  0-1

[Event "EuTChw"]
[Site "Leon ESP"]
[Date "2001.11.13"]
[Round "7"]
[White "Stoilkovska,S"]
[Black "Kaps,D"]
[Result "0-1"]
[WhiteElo "2040"]
[BlackElo "2204"]

1.e4 c5 2.Nf3 Nc6 3.Nc3 e5 4.Bc4 Be7 5.d3 d6 6.Nd2 Nf6 7.Nf1 O-O 8.Ne3 Nd4
9.O-O Rb8 10.a4 b6 11.Ned5 Nxd5 12.Nxd5 Bg5 13.c3 Bxc1 14.Rxc1 Ne6 15.Kh1 a6
16.g3 b5 17.axb5 axb5 18.Ba2 Bb7 19.Ne3 c4 20.f3 Qg5 21.Qe2 cxd3 22.Qxd3 Nc5
23.Qe2 Kh8 24.Rcd1 Qh5 25.Rf2 Rfd8 26.g4 Qg6 27.Nf5 Ne6 28.Nxd6 Bc6 29.Nf5 Nf4
30.Rxd8+ Rxd8 31.Qc2 Ra8 32.Rd2 Be8 33.b4 Qb6 34.Nd6 Qe3 35.Nxe8 Qe1+  0-1

[Event "EuTCh"]
[Site "Leon ESP"]
[Date "2001.11.14"]
[Round "8"]
[White "Baklan,V"]
[Black "Spasov,V"]
[Result "0-1"]
[WhiteElo "2590"]
[BlackElo "2569"]

1.e4 c5 2.Nf3 Nc6 3.Nc3 e5 4.Bc4 d6 5.d3 Be6 6.Nd2 Be7 7.Nf1 Nf6 8.Ne3 O-O
9.O-O a6 10.a3 Nd4 11.Ncd5 b5 12.Nxf6+ Bxf6 13.Bd5 Rc8 14.c3 Nc6 15.a4 Ne7
16.Bb7 Rb8 17.Bxa6 Qa5 18.Bxb5 Rxb5 19.b4 cxb4 20.cxb4 Qa8 21.Ba3 Rbb8 22.b5 Rfd8
23.Qb1 Nc6 24.Nc4 Nd4 25.Nxd6 Qxa4 26.Bc5 Qb3 27.Ba7 Ra8 28.b6 Rxd6 29.b7 Re8
30.b8=Q Rxb8 31.Bxb8 Rd8 32.Bc7 Rc8 33.Qxb3 Nxb3 34.Ra7 h5 35.h3 Nd4 36.Rb7 Kh7
37.Ra1 Nb3 38.Ra3 h4 39.Kh2 Nc5 40.Rba7 Nd7 41.R3a5 Nb8 42.Rb7 Nd7 43.f4 exf4
44.Bxf4 Nc5 45.Rc7 Rxc7 46.Bxc7 Nxd3 47.g3 Nf2 48.e5 Bg5 49.g4 Bf4+ 50.Kg2 Bg3
51.Bb6 Nd3 52.Be3 Kg6 53.Rb5 Nxe5 54.Bf2 Bxf2 55.Rxe5 Bg3 56.Ra5 f6 57.Ra7 Bd5+
58.Kg1 Be5 59.Kf1 Kh6 60.Rd7 Bc6 61.Ra7 g6 62.Ra3 Kg5 63.Kg1 Kf4 64.Rb3 Bd5
65.Ra3 Bf3 66.Kh2 f5 67.gxf5 gxf5 68.Ra7 Ke3+ 69.Kg1 Be4 70.Ra3+ Bd3 71.Ra8 Be4
72.Re8 Bd4 73.Kh2 Kf2  0-1

[Event "EuTCh"]
[Site "Leon ESP"]
[Date "2001.11.14"]
[Round "8"]
[White "David,Alb"]
[Black "Shaw,J"]
[Result "1/2-1/2"]
[WhiteElo "2522"]
[BlackElo "2499"]

1.e4 c5 2.Nf3 Nc6 3.Nc3 e5 4.Bc4 Be7 5.d3 Nf6 6.Nd2 d6 7.Nf1 Bg4 8.f3 Be6
9.Ne3 O-O 10.O-O a6 11.a3 b5 12.Ba2 Ne8 13.Ncd5 Bg5 14.c3 Nc7 15.Nxc7 Qxc7
16.Nd5 Bxd5 17.Bxd5 Bxc1 18.Rxc1 Rad8 19.f4 exf4 20.Rxf4 Ne7 21.Qh5 Nxd5
22.Qxd5 Rde8 23.Rcf1 Re7 24.h3 Kh8 25.Qh5 f6 26.Rh4 h6 27.Qf3 Rfe8 28.Qh5 Qd7
29.Rf5 Re5 30.Rhf4 Qe6 31.Qh4 Rxf5 32.Rxf5 Qa2 33.Kh2 Qxb2 34.Rxf6  1/2-1/2